Famille Gillet - Statistics

General Stats
  • This quiz has been taken 9 times
  • The average score is 29 of 35
Answer Stats
Hint Answer % Correct
Maries skostorlek? 35
100%
Hur många skolor har Marie gått på totalt? 4
100%
Maries gudmor? Anne
100%
Marie gillar inte? Avokado
100%
Felix mellannamn? Bernard
100%
Även kallad för? Culuc
100%
Vad hoppade på Felix och drog honom i håret? En apa
100%
Vilken kyrka gick vi till för konserter 2 ggr / år? Filadelfia
100%
Pappas sjärntecken? Fisk
100%
Vad hette Mammas morfar? Helge
100%
Vad skrek Clara i trädet? Je suis tombée
100%
Mamma kallar Felix för? Loulou
100%
Claras gudfar? Luc
100%
Pappa gillar inte? Melon
100%
Pappas mellannamn? Michel
100%
Clara och Maries sjärntecken? Oxe
100%
Felix gudfar? Pierre
100%
Ett barnprogram vi kollade på när vi var små som Marie fortfarande kollar på ibland och gapskrattar? Pingu
100%
Felix och Mammas sjärntecken? Skytte
100%
Hennes nuvarande kris? Virkning
100%
Vad händer när Marie kommer hem i flera veckor? Bråkar med Mamma
80%
Maries smeknamn? Goulinette
80%
Mamma gillar inte? Ingenting
80%
Vart gick Marie och Clara gå när Felix föddes? Marie Thellenbergs hus
80%
Claras smeknamn? Patou
80%
Felix gillar inte? Svamp
80%
Clara gillar inte? Vaniljglass
80%
Hur många spindelmannen? Många
60%
Felix favoriträtt som han hade en gång på sitt kalas? Potatis och purjolökssoppa
60%
Felix smeknamn? Schnurps
60%
Mammas 50års kris? Göra om trädgården
40%
Ett av Clara och Maries favorit citat? Hugööni
40%
Felix äter för mycket? Gott gott kebab
20%
Pappa säger för ofta? Pffffh
20%
Vad säger vi till Mamma när hon gör något dumt/pinsamt? Woah super celle la
0%
No matching quizzes found
Score Distribution
Percent of People with Each Score
Percentile by Number Answered
Your Score History
You have not taken this quiz